The Legend of Vox Machina - Statistics

General Stats
  • This quiz has been taken 45 times
  • The average score is 6 of 7
Answer Stats
Hint Answer % Correct
Gunslinger, white hair, Lord of Whitestone Percy
97%
Barbarian, clueless, likes to rage, lovable Grog
91%
Half-elf, Air Ashari, can control plants Keyleth
85%
Gnome cleric, serves the everlight, is "buddies" with the barbarian Pike
85%
Gnome bard, has a daughter, rides a purple hand Scanlan
82%
Rogue, half elf, serves the raven queen, has a twin sister Vax'ildan
67%
Ranger, half elf, rides a broom, has a twin brother Vex'halia
52%
No matching quizzes found
Score Distribution
Percent of People with Each Score
Percentile by Number Answered
Your Score History
You have not taken this quiz